[Event "Sparkassen-Open J"]
[Site "Heusenstamm, Martinsee"]
[Date "2017.11.26"]
[Round "5.14"]
[White "Schmidt, Merle"]
[Black "Schmidt, Boris"]
[Result "0-1"]
[WhiteElo "936"]
[BlackElo "1149"]
[PlyCount "64"]
[EventDate "2017.??.??"]
[WhiteTeam "SK Langen"]
[BlackTeam "Düsseldorfer SV"]

1. e4 c5 2. Nf3 e6 3. Nc3 Nc6 4. Bc4 d5 5. exd5 exd5 6. Bxd5 Nf6 7. Bc4 Be7 8.
d3 a6 9. Bg5 O-O 10. O-O b5 11. Bb3 Bg4 12. Re1 Nd4 13. Bd5 Nxd5 14. Bxe7 Nxe7
15. Re4 Nxf3+ 16. gxf3 Bf5 17. Re3 b4 18. Ne2 f6 19. Ng3 Bg6 20. Qe2 Nd5 21.
Re6 Nf4 22. Qe3 Nxe6 23. Qxe6+ Bf7 24. Qe3 Re8 25. Qxc5 Qe7 26. Qxe7 Rxe7 27.
Nf5 Re2 28. Nd4 Ree8 29. Kh1 Rad8 30. Nf5 Bh5 31. Rg1 Bxf3+ 32. Rg2 Re1# 0-1

[Event "Sparkassen-Open J"]
[Site "Heusenstamm, Martinsee"]
[Date "2017.11.26"]
[Round "5.15"]
[White "Grebe, Sabrina"]
[Black "Meng, Yuxuan"]
[Result "0-1"]
[WhiteElo "811"]
[BlackElo "1140"]
[PlyCount "170"]
[EventDate "2017.??.??"]
[WhiteTeam "SC Heusenstamm"]
[BlackTeam "SK Sandhausen"]

1. e4 e5 2. Nf3 Nc6 3. Bc4 Nf6 4. d3 Bc5 5. c3 O-O 6. d4 exd4 7. e5 Ne4 8. Bd5
Nxf2 9. Kxf2 dxc3+ 10. Kf1 cxb2 11. Bxb2 b6 12. Bd4 Ba6+ 13. Kf2 Rb8 14. Re1
Nb4 15. Bxc5 bxc5 16. Be4 f6 17. a3 Nc6 18. exf6 Rxf6 19. Kg1 Ne7 20. Re3 d5
21. Bd3 c4 22. Bc2 c5 23. Qe1 Ng6 24. Ba4 Rf8 25. Ne5 Nxe5 26. Rxe5 d4 27. Nd2
d3 28. Nf3 Bb7 29. Qe3 c3 30. Re1 d2 31. Re2 d1=Q+ 32. Bxd1 Qxd1+ 33. Re1 Qd8
34. Qxc3 Bxf3 35. gxf3 Qd4+ 36. R1e3 Rb1+ 37. Kf2 Rb2+ 38. Kg3 Qxc3 39. Rxc3
Rf2 40. Ree3 Rd2 41. Rxc5 h6 42. h4 Rfd8 43. Rce5 R8d6 44. Kf4 Rf6+ 45. Rf5
Rfd6 46. Re8+ Kh7 47. Rff8 R2d4+ 48. Re4 R4d5 49. Rf5 Rxf5+ 50. Kxf5 Rf6+ 51.
Kg4 h5+ 52. Kxh5 Rxf3 53. Kg4 Rxa3 54. h5 Ra6 55. Rf4 Kh6 56. Rf7 Ra4+ 57. Kf5
Ra5+ 58. Ke6 Kxh5 59. Rxg7 Kh6 60. Rb7 Ra1 61. Kd5 Kg6 62. Kc4 Kf6 63. Kb5 Ke6
64. Kc6 Ra6+ 65. Kb5 Ra1 66. Kc6 Rc1+ 67. Kb5 Rb1+ 68. Ka6 Rxb7 69. Kxb7 a5 70.
Kb6 a4 71. Kb5 a3 72. Kb4 a2 73. Kb3 a1=Q 74. Kb4 Qa2 75. Kc3 Qb1 76. Kd2 Qb3
77. Ke2 Qc3 78. Kf2 Qd3 79. Ke1 Qc2 80. Kf1 Qd2 81. Kg1 Qe2 82. Kh1 Kf5 83. Kg1
Kg4 84. Kh1 Kh3 85. Kg1 Qg2# 0-1

[Event "Sparkassen-Open J"]
[Site "Heusenstamm, Martinsee"]
[Date "2017.11.26"]
[Round "5.16"]
[White "Prechtl, Felix"]
[Black "Czinkota, Michael"]
[Result "0-1"]
[WhiteElo "798"]
[BlackElo "1139"]
[PlyCount "68"]
[EventDate "2017.??.??"]
[WhiteTeam "VSG Offenbach"]
[BlackTeam "SC Bad Soden"]

1. e4 e5 2. Nf3 Nc6 3. Bc4 Bc5 4. Nc3 Nf6 5. Nd5 Nxe4 6. O-O O-O 7. d3 Nf6 8.
Bg5 Be7 9. Re1 Nxd5 10. Bxd5 Bxg5 11. Bxc6 dxc6 12. Rxe5 Bf6 13. Rh5 Bg4 14.
Rc5 Qd6 15. Rc4 Bh5 16. Qe2 Rfe8 17. Re4 Rxe4 18. dxe4 Rd8 19. e5 Bxf3 20. Qxf3
Bxe5 21. g3 Bxb2 22. Re1 h6 23. Qe2 Ba3 24. Rb1 b5 25. Rb3 a5 26. Qf3 Bc5 27.
Rd3 Qe7 28. Qxc6 Qe1+ 29. Kg2 Qxf2+ 30. Kh3 Rxd3 31. cxd3 Qf1+ 32. Kg4 h5+ 33.
Kxh5 Qh3+ 34. Kg5 Be3# 0-1

[Event "Sparkassen-Open J"]
[Site "Heusenstamm, Martinsee"]
[Date "2017.11.26"]
[Round "5.17"]
[White "Culha, Merve"]
[Black "Voicu, Mihai"]
[Result "0-1"]
[WhiteElo "778"]
[BlackElo "1112"]
[PlyCount "60"]
[EventDate "2017.??.??"]
[WhiteTeam "SC Heusenstamm"]
[BlackTeam "Düsseldorfer SV"]

1. e4 c5 2. d4 cxd4 3. Qxd4 Nc6 4. Qc3 e6 5. Bc4 Bb4 6. Qd2 Bxd2+ 7. Bxd2 Nf6
8. Nf3 a6 9. O-O Qb6 10. Be3 Qxb2 11. Nbd2 b5 12. Rab1 Qxc2 13. Rfc1 Qa4 14.
Rb2 bxc4 15. Rxc4 Qd1+ 16. Nf1 O-O 17. Rc1 Qd6 18. Rcb1 Ne5 19. N1d2 a5 20. Rb6
Nxf3+ 21. Nxf3 Qe7 22. Rc1 Ba6 23. Bc5 Qe8 24. Bd6 Nxe4 25. Rcb1 Nxd6 26. Nd4
Rb8 27. Rxb8 Qxb8 28. Rxb8 Rxb8 29. g3 Rb1+ 30. Kg2 Bf1+ 0-1

[Event "Sparkassen-Open J"]
[Site "Heusenstamm, Martinsee"]
[Date "2017.11.26"]
[Round "5.20"]
[White "Fürschbach, Nino Matteo"]
[Black "Niesel, Sebastian"]
[Result "1-0"]
[WhiteElo "930"]
[BlackElo "765"]
[PlyCount "191"]
[EventDate "2017.??.??"]
[WhiteTeam "SC Herborn"]
[BlackTeam "TuS Makkabi"]

1. e4 e5 2. Nf3 Nc6 3. Bc4 d6 4. c3 Nf6 5. d3 Be7 6. O-O O-O 7. Bg5 h6 8. Bh4
Be6 9. Bb3 d5 10. Nbd2 d4 11. Bxe6 fxe6 12. Nc4 Bd6 13. Bg3 Ng4 14. cxd4 exd4
15. Bxd6 cxd6 16. Nxd4 Nxd4 17. Qxg4 Qg5 18. Qxg5 hxg5 19. Nxd6 Rab8 20. Kh1
Rfd8 21. Nc4 b5 22. Ne5 Nc2 23. Rac1 Rbc8 24. Ng6 Kf7 25. Ne5+ Kf8 26. Rfd1 Nb4
27. Rxc8 Rxc8 28. a3 Nc6 29. Rc1 Ne7 30. Rxc8+ Nxc8 31. g3 Ke7 32. Nc6+ Kd6 33.
Nd4 a6 34. f4 gxf4 35. gxf4 e5 36. fxe5+ Kxe5 37. Nc6+ Kd6 38. Nd4 Ke5 39. Ne2
Nd6 40. Ng3 g6 41. Kg2 Kf4 42. h4 Ke3 43. e5 Nf7 44. e6 Nd6 45. h5 gxh5 46.
Nxh5 Kd4 47. Nf4 Ke5 48. Kf3 Nc8 49. Ke3 Kf6 50. Kd4 Kf5 51. e7 Nxe7 52. Nd5
Nc6+ 53. Kc5 Nb8 54. d4 Ke6 55. Nc7+ Kd7 56. Kb6 Kd6 57. Nxa6 Nxa6 58. Kxa6 Kd5
59. Kxb5 Kxd4 60. b4 Kd5 61. a4 Kd6 62. Kb6 Kd7 63. a5 Kc8 64. Ka7 Kc7 65. b5
Kc8 66. b6 Kd7 67. b7 Kc6 68. b8=Q Kc5 69. a6 Kc4 70. Kb7 Kb5 71. Kc8+ Kxa6 72.
Kc7 Ka5 73. Qb6+ Ka4 74. Kc6 Ka3 75. Kc5 Ka2 76. Kb4 Kb2 77. Kc4+ Kc2 78. Qb3+
Kd2 79. Qd3+ Ke1 80. Kd4 Kf2 81. Ke4 Kg2 82. Qf3+ Kh2 83. Ke3 Kg1 84. Qf2+ Kh1
85. Qf1+ Kh2 86. Qf4+ Kg2 87. Qf3+ Kh2 88. Qe2+ Kg3 89. Qf1 Kg4 90. Ke4 Kg5 91.
Qf3 Kg6 92. Ke5 Kg7 93. Qf5 Kg8 94. Kf6 Kf8 95. Qd7 Kg8 96. Qg7# 1-0

[Event "Sparkassen-Open J"]
[Site "Heusenstamm, Martinsee"]
[Date "2017.11.26"]
[Round "5.21"]
[White "Kamleiter, Noah"]
[Black "Özyar, Arin"]
[Result "1-0"]
[WhiteElo "1037"]
[BlackElo "777"]
[PlyCount "120"]
[EventDate "2017.??.??"]
[WhiteTeam "TSV Bindlach"]
[BlackTeam "SC Bad Soden"]

1. e4 e5 2. Nf3 Nc6 3. Bb5 a6 4. Ba4 Nf6 5. Nc3 b5 6. Bb3 d6 7. d3 Bg4 8. h3
Bh5 9. O-O Nd4 10. g4 Nxb3 11. axb3 Bg6 12. Bg5 Be7 13. Ra2 d5 14. exd5 Nxd5
15. Bxe7 Nxe7 16. Qa1 Qd6 17. Nxb5 Qc6 18. Rxa6 O-O 19. Rxc6 Rxa1 20. Rxa1 Nxc6
21. Nxc7 Nd4 22. Nxd4 exd4 23. Ra8 Rxa8 24. Nxa8 Kf8 25. Kg2 Ke7 26. Kf3 Kd6
27. h4 f5 28. h5 fxg4+ 29. Kxg4 Be8 30. Nb6 g6 31. hxg6 Bxg6 32. f4 Ke6 33. b4
Bf5+ 34. Kf3 h5 35. b5 h4 36. Nc4 h3 37. Kg3 Kd7 38. b6 Kc8 39. b4 Kb7 40. Nd6+
Kxb6 41. Nxf5 Kb5 42. Kxh3 Kxb4 43. Nxd4 Kc3 44. f5 Kd2 45. f6 Kc3 46. f7 Kd2
47. f8=R Kc3 48. Kg3 Kb4 49. Rc8 Ka5 50. Rb8 Ka6 51. Kf4 Ka7 52. Rb1 Ka6 53.
Ke5 Ka5 54. Kd5 Ka4 55. Kc5 Ka3 56. Kc4 Ka2 57. Rb8 Ka1 58. Kd5 Ka2 59. c4 Ka1
60. c5 Ka2 1-0

[Event "Sparkassen-Open J"]
[Site "Heusenstamm, Martinsee"]
[Date "2017.11.26"]
[Round "5.22"]
[White "Tryfon, Konstantin"]
[Black "Spelleken, Mark"]
[Result "1-0"]
[WhiteElo "1030"]
[BlackElo "783"]
[PlyCount "99"]
[EventDate "2017.??.??"]
[WhiteTeam "SC Höchst"]
[BlackTeam "SC Kahl"]

1. e4 e5 2. Nf3 Nc6 3. d4 d6 4. dxe5 Nxe5 5. Nxe5 dxe5 6. Qxd8+ Kxd8 7. Nc3 Bc5
8. Bc4 Nf6 9. Bg5 b6 10. Nd5 Bb7 11. Nxf6 gxf6 12. Bxf6+ Kd7 13. Bxh8 Rxh8 14.
Rd1+ Kc8 15. Bd5 Bxd5 16. Rxd5 Bd6 17. O-O Rg8 18. c4 Bc5 19. Rxe5 Bd4 20. Rf5
Rf8 21. b3 f6 22. Rd1 Rd8 23. Rd5 Rxd5 24. cxd5 Bc3 25. Rc1 Bd2 26. Rc2 Bf4 27.
g3 Be5 28. f4 Bd4+ 29. Kg2 Bc5 30. e5 fxe5 31. fxe5 Bb4 32. h4 h5 33. g4 hxg4
34. h5 Bf8 35. h6 Bxh6 36. d6 Bf8 37. dxc7 Bg7 38. e6 Bf8 39. Kg3 Bd6+ 40. Kxg4
Bxc7 41. e7 Kd7 42. a4 a5 43. Re2 Bd6 44. e8=Q+ Kc7 45. Rc2+ Kb7 46. Qc8+ Ka7
47. Qd7+ Ka6 48. Qxd6 Kb7 49. Rc7+ Kb8 50. Qd8# 1-0

[Event "Sparkassen-Open J"]
[Site "Heusenstamm, Martinsee"]
[Date "2017.11.26"]
[Round "5.23"]
[White "Kovalenko, David"]
[Black "Mainberger, Jakob"]
[Result "1-0"]
[WhiteElo "951"]
[BlackElo "779"]
[PlyCount "81"]
[EventDate "2017.??.??"]
[WhiteTeam "Düsseldorfer SV"]
[BlackTeam "SC Kahl"]

1. d4 d5 2. c4 dxc4 3. Nf3 e6 4. Nc3 Nc6 5. e3 b5 6. Nxb5 Bd6 7. Nxd6+ cxd6 8.
Bxc4 Na5 9. Bb5+ Bd7 10. Bxd7+ Qxd7 11. Bd2 Nc4 12. Bc3 Nf6 13. b3 Nb6 14. Qc2
O-O 15. O-O d5 16. a4 Qc7 17. Rac1 Nbd7 18. Bb4 Qd8 19. Bxf8 Qxf8 20. Qc6 Nb6
21. a5 Nbd7 22. Rc2 Qb8 23. Rc3 e5 24. dxe5 Nxe5 25. Nxe5 Qxe5 26. Qxa8+ Qe8
27. Rc8 Kf8 28. Rxe8+ Nxe8 29. Qxd5 Nf6 30. Qc5+ Ke8 31. Qxa7 Nd7 32. a6 Ke7
33. Rd1 Kf6 34. Qxd7 g5 35. Rd6+ Kg7 36. a7 Kg8 37. Qxf7+ Kxf7 38. a8=Q Ke7 39.
Qd8+ Kf7 40. Qc7+ Ke8 41. Rd8# 1-0

[Event "Sparkassen-Open J"]
[Site "Heusenstamm, Martinsee"]
[Date "2017.11.26"]
[Round "5.25"]
[White "Hain, Julian"]
[Black "Miers, Leon"]
[Result "0-1"]
[WhiteElo "777"]
[BlackElo "795"]
[PlyCount "62"]
[EventDate "2017.??.??"]
[WhiteTeam "SC Heusenstamm"]
[BlackTeam "SC Herborn"]

1. e4 e5 2. Nf3 Nc6 3. Bc4 g6 4. Nc3 Bg7 5. Nd5 d6 6. d3 Bg4 7. h3 Be6 8. Bg5
Bf6 9. Bxf6 Nxf6 10. Nxf6+ Qxf6 11. Bxe6 Qxe6 12. Ng5 Qe7 13. Qd2 Nd4 14. Nf3
Nxf3+ 15. gxf3 O-O 16. O-O Qh4 17. Kh2 h5 18. Rg1 f5 19. Rxg6+ Kf7 20. Qh6
Qxf2+ 21. Rg2 Qxf3 22. Qg7+ Ke8 23. Qg6+ Kd7 24. Qg7+ Kc6 25. c4 fxe4 26. dxe4
Qf4+ 27. Rg3 h4 28. Rag1 hxg3+ 29. Rxg3 Qxe4 30. b3 Rf2+ 31. Kg1 Qe1# 0-1

[Event "Sparkassen-Open J"]
[Site "Heusenstamm, Martinsee"]
[Date "2017.11.26"]
[Round "5.26"]
[White "Jonuzi, Lavdim"]
[Black "Sadri, Adrian"]
[Result "1-0"]
[WhiteElo "758"]
[BlackElo "790"]
[PlyCount "45"]
[EventDate "2017.??.??"]
[WhiteTeam "SC Nidderau"]
[BlackTeam "SC Bad Soden"]

1. e4 e5 2. Nf3 Nc6 3. Bc4 Bc5 4. d3 Nf6 5. Nc3 Ng4 6. O-O Nd4 7. Be3 Nxf3+ 8.
Qxf3 Nh6 9. Bxc5 d6 10. Be3 f6 11. Qh5+ g6 12. Qxh6 Qe7 13. Nd5 Qe6 14. Nxc7+
Kd8 15. Nxa8 Qg4 16. Qg7 Re8 17. Bxa7 Re7 18. Bb6+ Kd7 19. Qf8 h5 20. Qd8+ Kc6
21. h3 Rd7 22. Qxc8+ Rc7 23. Qxc7# 1-0